Ricostruisci la Carriera del Calciatore - Pietro Anastasi - Statistics

Statistiche generali
  • Questo quiz è stato fatto 3 volte
  • Il punteggio medio è 4 su 6
Statistiche sulle risposte
Hint Risposta % Corretto
1968-1976 Juventus
100%
1978-1981 Ascoli
67%
1976-1978 Inter
67%
1981-1982 Lugano
67%
1964-1966 Massiminiana
67%
1966-1968 Varese
33%
Nessun quiz corrispondente trovato
Distribuzione punteggi
Percentuale di utenti per punteggio
Percentile per numero di risposta
I tuoi punteggi nel tempo
Non hai fatto questo quiz